Tratado de derecho administrativo : principios y legislación española / por José Gascón y Marín principios y legislación española / por José Gascón y Marín
Descripción Física:
2 v. ; 24 cm
Materias:
Dret administratiu -- Espanya
MARC
| LEADER | 00000nam a2200000Ia 4500 | ||
|---|---|---|---|
| 001 | 14181, 14331 | ||
| 008 | 160829s1935 - 1936 xx 000 0 cat d | ||
| 080 | |a D-2-95, D-2-187 | ||
| 100 | |a Gascón y Marín, José |9 30108 | ||
| 245 | |a Tratado de derecho administrativo : |b principios y legislación española / por José Gascón y Marín | ||
| 250 | |a 6a ed., rev. | ||
| 260 | |a Madrid : |b C. Bermejo, |c 1935 - 1936 | ||
| 300 | |a 2 v. ; |c 24 cm | ||
| 590 | |a Notes, referències bibliogràfiques. | ||
| 590 | |a Índex. | ||
| 590 | |a Conté: v. 1: Doctrina general; v. 2: Organización y materia administrativa | ||
| 650 | 0 | |a Dret administratiu |z Espanya |9 23238 | |
| 901 | |a Arxiu | ||
| 942 | |n 1 | ||
| 952 | |0 0 |1 0 |4 0 |6 D295_D2187 |7 1 |9 45269 |a Arxiu |b Arxiu |d 2016-12-01 |l 0 |o D-2-95, D-2-187 |p 14181, 14331 |r 2016-12-01 00:00:00 |w 2016-12-01 |y ARXIU | ||
| 999 | |c 48343 |d 48343 | ||